000 00958nam a2200241Ia 4500
003 OSt
005 20200730165518.0
008 191128s2016 ck fr 000 0 spa d
040 _aCO-JMCR
_cCO-JMCR
041 0 _aspa
082 0 4 _a342.084 /
_bG182q
_223
100 1 _aGalvis, María Clara,
_eautora
_98213
245 1 1 _a¿Qué es el derecho a la vida? /
_cMaría Clara Galvis
260 _aBogotá :
_bDefensoría del Pueblo,
_c2016
300 _a128 páginas ;
_c23 cm.
490 0 _aBiblioteca básica de derechos humanos
504 _aBibliografía: páginas 123-128
505 0 _aNormas internacionales y nacionales -- Qué dicen las cortes -- Qué dice la doctrina -- Casos 97 -- Preguntas para reflexionar
650 1 4 _aDerecho a la vida
_xaspectos jurídicos
_vpreguntas y respuestas
_zColombia
_98214
650 2 4 _aDerechos humanos
_vpreguntas y respuestas
_98215
650 2 4 _aDerecho comparado
_vpreguntas y respuestas
_98216
942 _2ddc
_cBK
999 _c3818
_d3818